| 000 | 01585nam0a2200325 4500 | ||
|---|---|---|---|
| 001 | RU\NLR\ONL2\23685 | ||
| 005 | 20260426043346.0 | ||
| 035 | _a(NLR Aleph) 010210643 | ||
| 090 |
_a13690733 _c13690733 |
||
| 100 | _a20120209d1957 u y0rusy50 ca | ||
| 101 | 0 | _aaze | |
| 102 | _aAZ | ||
| 105 | _ay ||||||||| | ||
| 200 | 1 |
_aБөjүк Октjабр сосиалист ингилабынын беjнәлхалг әhәмиjjәти _e(муhазирэчилэр учун материал) _fчэм. узву тарих элм. нам. Нэсиб Элизадэ _gАзССР Сиjаси вэ элми биликлэри jаjан чэм-ти |
|
| 210 |
_aБакы _cАзССР Сиjаси вэ элми биликлэри jаjан чэм-ти _d1957 |
||
| 215 |
_a47 с. _d20 |
||
| 333 | _aЭлjазмасы hугугунда | ||
| 541 | 1 |
_6z01790 _aМеждународное значение Великой Октябрской социалистической революции _eматериал в помощь лектору _zrus |
|
| 606 | 0 |
_aВеликая Октябрьская социалистическая революция _z1917 _9912483 _3RU\NLR\auth\6613825 |
|
| 686 | 1 | _aТ3(2)711 | |
| 700 | 1 |
_aӘлизадә _bН. И. _gНәсиб Исмаjыл оғлу _4070 |
|
| 790 | 1 |
_6z01541 _aАлизаде _bН. И. _gНасиб Исмаил оглы _4070 |
|
| 801 | 0 |
_aRU _bNLR _c20120627 _gPSBO |
|
| 852 |
_aNLR _jАзерб./2-8992 |
||
| 852 |
_aNLR _bОНЛ _jАзерб./2-89992 |
||
| 942 | _cBOOK | ||
| 980 | _aONL_RF | ||
| 980 | _aNB | ||